000 00471nam a2200169 i 4500
001 147178
003 ES-MaACL
005 20231223063104.0
007 t|
008 070924s1914 fr ||||1| fre d
100 1 _aTurró, Ramón,
_d1854-1926
_9111758
245 1 4 _aLes origenes de la connaissance /
_cpar Ramón Turró.
260 _aParis :
_bFelix Alcan,
_c1914.
300 _a274 p. ;
_c22 cm.
852 _aES-MaACL
_jF-9683
999 _c147178
_d147178